Financial audit : the Department of Health and Human Services's fiscal year 2004 management representation letter on its financial statements.

Bibliographic Details
Main Author: Engel, Gary T.
Corporate Authors: ProQuest (Firm), United States. Government Accountability Office
Format: Government Document eBook
Language:English
Published: Washington, DC : U.S. Government Accountability Office, [2005]
Series:U.S. Congressional Research.
Subjects:
Online Access:Connect to the full text of this electronic book

MARC

Tag First Indicator Second Indicator Subfields
LEADER 00000cam a22000001a 4500
001 in00003349113
006 m d f
007 cr bn mmmapmmp
008 110210s2005 dcu ob f000 0 eng d
005 20260430145804.1
035 |a cis2007806691 
040 |a ProQuest  |c ProQuest  |d UtOrBLW 
042 |a pcc 
043 |a n-us--- 
074 |a 0545-A-04 (online) 
086 0 |a GA 1.41:GAO-05-588 R 
088 |a GAO-05-588 R 
099 |a CMP-2005-GAO-0582 
100 1 |a Engel, Gary T. 
245 1 0 |a Financial audit :  |b the Department of Health and Human Services's fiscal year 2004 management representation letter on its financial statements. 
246 3 0 |a Department of Health and Human Services's fiscal year 2004 management representation letter on its financial statements 
246 1 7 |a HHS's management representation letter 
264 1 |a Washington, DC :  |b U.S. Government Accountability Office,  |c [2005] 
300 |a 1 online resource. 
336 |a text  |b txt  |2 rdacontent 
337 |a computer  |b c  |2 rdamedia 
338 |a online resource  |b cr  |2 rdacarrier 
500 |a Record is based on bibliographic data in ProQuest U.S. Congressional Research Digital Collection. Reuse except for individual research requires license from ProQuest, LLC. 
504 |a Includes bibliographical references. 
500 |a Electronic resource. 
610 1 0 |a United States.  |b Department of Health and Human Services  |x Appropriations and expenditures  |x Auditing. 
610 1 0 |a United States.  |b Department of the Treasury  |v Rules and practice  |x Evaluation. 
650 0 |a Financial statements, Consolidated  |z United States  |x Evaluation. 
655 7 |a Electronic books.  |2 local 
710 2 |a ProQuest (Firm) 
710 1 |a United States.  |b Government Accountability Office. 
776 0 8 |i Print version:  |t Financial audit  |w (DGPO)99176422 
776 0 8 |i Microfiche version:  |t Financial audit.  |d [Bethesda, Md.] : ProQuest,[2004]  |o CIS 2009 J942-358  |w (ProQuest)cis200902449 
830 0 |a U.S. Congressional Research. 
856 4 0 |u http://proxy.library.tamu.edu/login?url=https://congressional.proquest.com/congcomp/getdoc?CRDC-ID=CMP-2005-GAO-0582  |z Connect to the full text of this electronic book  |t 0 
998 |a cis200902449 
999 |a MARS 
999 f f |s b2233275-b9b3-3ccd-9828-d979ae14215a  |i 66eac637-4798-3739-924d-c59c366d9b3d  |t 0 
952 f f |a Texas A&M University  |b College Station  |c Electronic Resources  |s www_evans  |d Available Online  |t 0  |e CMP-2005-GAO-0582  |h Other scheme 
998 f f |a CMP-2005-GAO-0582  |t 0  |l Available Online